Diseño e implementación de una plataforma para el estudio de la codificación de canal
Gespeichert in:
| 1. Verfasser: | |
|---|---|
| Weitere Verfasser: | |
| Format: | Buch |
| Sprache: | Spanish |
| Veröffentlicht: |
[San José], Costa Rica
2014
|
| Schlagworte: | |
| Tags: |
Tag hinzufügen
Keine Tags, Fügen Sie den ersten Tag hinzu!
|
MARC
| LEADER | 00000nam a22000007a 4500 | ||
|---|---|---|---|
| 003 | 012194 | ||
| 005 | 20230706114836.0 | ||
| 008 | 150721b2014 cr a|||| |||| 00| ||spa d | ||
| 040 | |c cru CEDI | ||
| 100 | |9 915 |a Calvo Piedra, Luis Andrés, 1992- | ||
| 245 | |a Diseño e implementación de una plataforma para el estudio de la codificación de canal | ||
| 260 | |a [San José], Costa Rica |c 2014 | ||
| 500 | |a Proyecto de graduación (bachillerato en ingeniería eléctrica)--Universidad de Costa Rica. Facultad de Ingeniería. Escuela de Ingeniería Eléctrica | ||
| 501 | |a Profesor Guía de IE-0499 Proyecto Eléctrico: Ing. Teodoro Willink Castro, M.Sc | ||
| 650 | |x TELECOMUNICACIONES |x CIFRADO DE DATOS (INFORMATICA) |x SISTEMAS DE TRANSMISION DE DATOS |x ARDUINO (CONTROLADOR PROGRAMABLE) |x SIMULACION POR COMPUTADORA |x MATLAB (PROGRAMAS PARA COMPUTADORA) |9 897 | ||
| 700 | |9 728 |a Willink Castro, Teodoro, 1986- |d Director de Proyecto Eléctrico | ||
| 942 | |c CEDI |h TFG 7359 |6 TFG_7359_000000000000000 | ||
| 999 | |c 13899 |d 13899 | ||
